Research strategies in psychotherapy (Record no. 1212)

MARC details
000 -LEADER
fixed length control field 00876nam a2200313 4500
005 - DATE AND TIME OF LATEST TRANSACTION
control field 20260322212051.0
008 - FIXED-LENGTH DATA ELEMENTS--GENERAL INFORMATION
fixed length control field data
010 ## - LIBRARY OF CONGRESS CONTROL NUMBER
LC control number 74011272 //r902
015 ## - NATIONAL BIBLIOGRAPHY NUMBER
National bibliography number GB75-2264
020 ## - INTERNATIONAL STANDARD BOOK NUMBER
International Standard Book Number 0471088854
020 ## - INTERNATIONAL STANDARD BOOK NUMBER
International Standard Book Number 9780471088851
040 ## - CATALOGING SOURCE
Original cataloging agency DLC
Transcribing agency DLC
Modifying agency UKM
-- UKM
050 00 - LIBRARY OF CONGRESS CALL NUMBER
Classification number RC337
Item number .B67
060 ## - NATIONAL LIBRARY OF MEDICINE CALL NUMBER
Classification number WM420 B729r
096 ## - LOCALLY ASSIGNED NLM-TYPE CALL NUMBER (OCLC)
Classification number WM 420 B645r 1974
001 - CONTROL NUMBER
control field data
100 1# - MAIN ENTRY--PERSONAL NAME
Personal name Bordin, Edward S.
245 10 - TITLE STATEMENT
Title Research strategies in psychotherapy
Statement of responsibility, etc. [by] Edward S. Bordin.
260 ## - PUBLICATION, DISTRIBUTION, ETC.
Place of publication, distribution, etc. New York,
Name of publisher, distributor, etc. Wiley
Date of publication, distribution, etc. [1974]
300 ## - PHYSICAL DESCRIPTION
Extent ix, 272 p.
Dimensions 23 cm.
440 #0 - SERIES STATEMENT/ADDED ENTRY--TITLE
Title Wiley series on personality processes
500 ## - GENERAL NOTE
General note "A Wiley-Interscience publication."
504 ## - BIBLIOGRAPHY, ETC. NOTE
Bibliography, etc. note Bibliography: p. 223-258.
590 ## - LOCAL NOTE (RLIN)
Local note Includes index.
650 #0 - SUBJECT ADDED ENTRY--TOPICAL TERM
Topical term or geographic name entry element Psychiatry
General subdivision Research.
650 #0 - SUBJECT ADDED ENTRY--TOPICAL TERM
Topical term or geographic name entry element Psychotherapy.
650 #2 - SUBJECT ADDED ENTRY--TOPICAL TERM
Topical term or geographic name entry element Psychotherapy.
653 ## - INDEX TERM--UNCONTROLLED
Uncontrolled term Research
-- Psychotherapy
-- Research
Holdings
Withdrawn status Lost status Damaged status Not for loan Home library Current library Shelving location Date acquired Total checkouts Full call number Barcode Date last seen Price effective from Koha item type
        Franklin Franklin General stacks 22/03/2026   RC337 .B67 BC0011251 22/03/2026 22/03/2026 Books